01009nam a22002297a 4500999001700000003000900017008004100026040007100067082002100138100002300159245005700182260003900239300005900278505020000337650001400537650003100551650002200582700004300604942001600647945002100663952009500684 c17977d17977AR-CdUCM190510b ||||| |||| 00| 0 spa d aMUNICIPALIDAD PROVINCIAL DEL CUSCOcBIBLIOTECA MUNICIPAL DEL CUSCO 25ed.a709 /bR36 aReinach, Salomón aApolo :bhistoria general de las artes plásticas / aMéxico D. F. :bNacional,c1958. aVIII, 488 páginas ;bilustraciones, figuras,c17 cm. aContenido: Orígenes del arte -- El arte en los periodos de la piedra pulimentada -- Egipto, Caldea y Persia -- Arte egeo, minoano -- El arte griego antes de Fidias -- Fidias y el Partenón ... aArte9561 aHistoria y crítica95993 aOrígenes923017 aDomenech, Rafael (traducción)938276 2ddccLIBROS aachld2019-05-10 002ddc4070aSAbSAcCARTd2019-05-10g50.00o709 / R36pSA0000000518r2019-05-10yLIBROS